| 000 | 00861nam a22002417a 4500 | ||
|---|---|---|---|
| 001 | 8282 | ||
| 003 | FISKH | ||
| 005 | 20250908140645.0 | ||
| 008 | 250908b cb ||||| |||| 00| 0 eng d | ||
| 040 |
_aFISKH _bkhr _cFISKH _dFISKH |
||
| 082 | _a800 | ||
| 100 | _aSotheary, Kimsun | ||
| 245 |
_aថៅកែសណ្ដែកដី : _bThe boss of Peanut / |
||
| 260 |
_aPhnom Penh : _bReading Books, _c2010. |
||
| 300 |
_a20 pages : _bcolor illustrations ; _c25 cm |
||
| 505 | _aL | ||
| 520 | _aការរៀនសូត្រគឺជាកំណប់ទ្រព្យដែលទៅតាមម្ចាស់គ្រប់ទីកន្លែង | ||
| 520 | _aEducation is a precious treasure that stays with you everywhere. | ||
| 521 | 8 |
_a510
_bLexile estimate |
|
| 521 | 8 |
_aL
_bRaz-Plus |
|
| 942 |
_2ddc _cKHB _n0 |
||
| 999 |
_c8282 _d8282 |
||